Từ điển tranh về các loài cây trồng

Đề cập đến 500 loài cây. Bao gồm các cây phổ biến ở Việt Nam, cây đặc biệt trên thế giới, cây có nhiều công dụng với con người, với động vật. Ngoài ra, còn có một số loài cây dại.

Na minha lista:
Detalhes bibliográficos
Autor principal: Lê, Quang Long
Formato: Livro
Idioma:Undetermined
Publicado em: Hà Nội Giáo dục 2005
Assuntos:
Tags: Adicionar Tag
Sem tags, seja o primeiro a adicionar uma tag!
Thư viện lưu trữ: Trung tâm Học liệu Trường Đại học Cần Thơ
LEADER 00831nam a2200193Ia 4500
001 CTU_138949
008 210402s9999 xx 000 0 und d
082 |a 580.3 
082 |b L431 
100 |a Lê, Quang Long 
245 0 |a Từ điển tranh về các loài cây trồng 
260 |a Hà Nội 
260 |b Giáo dục 
260 |c 2005 
520 |a Đề cập đến 500 loài cây. Bao gồm các cây phổ biến ở Việt Nam, cây đặc biệt trên thế giới, cây có nhiều công dụng với con người, với động vật. Ngoài ra, còn có một số loài cây dại. 
650 |a Botany,Botany 
650 |x Dictionaries,Nomenclature 
904 |i Bạch Trúc 
980 |a Trung tâm Học liệu Trường Đại học Cần Thơ